header

Early child development from measurement to action (Record no. 213949)

MARC details
000 -LEADER
fixed length control field 01506nam a2200385 a 4500
082 04 - DEWEY DECIMAL CLASSIFICATION NUMBER
Classification number 362.71
245 00 - TITLE STATEMENT
Title Early child development from measurement to action
260 ## - PUBLICATION, DISTRIBUTION, ETC. (IMPRINT)
Place of publication Washington, D.C. :
Name of publisher World Bank,
Year of publication c2007.
300 ## - PHYSICAL DESCRIPTION
Number of Pages xiv, 306 p. :
Other physical details ill.
650 #0 - SUBJECT ADDED ENTRY--TOPICAL TERM
Topical Term Child development.
Topical Term Child welfare.
Topical Term Early childhood education.
Topical Term Children
Topical Term Evaluation research (Social action programs)
700 1# - ADDED ENTRY--PERSONAL NAME
Personal name Young, Mary E.,
Personal name Richardson, Linda M.
856 40 - ELECTRONIC LOCATION AND ACCESS
Uniform Resource Identifier http://site.ebrary.com/lib/rucke/Doc?id=10369830

No items available.

© 2026 Rongo University
Contact us: librarian | system librarian | Rongo university